| 000 | 00529nam a22001817a 4500 | ||
|---|---|---|---|
| 003 | CEME | ||
| 005 | 20210628203354.0 | ||
| 008 | 210120b xxu||||| |||| 00| 0 eng d | ||
| 020 | _a0-07-247184-0 | ||
| 040 | _cceme | ||
| 082 | _a005.3 LAU | ||
| 100 |
_aLaudon, Kenneth .C, Rosenblatt, Kenneth, Langley, David _965043 |
||
| 245 | _a Interactive computing series microsoft power point 2002 | ||
| 260 |
_aNEW YORK _bMCGRAW HILL _c2002 |
||
| 300 | _aXVI,167P | ||
| 650 |
_aMICROSOFT POWER POINT 2002 _965044 |
||
| 942 |
_cBK _2ddc |
||
| 999 |
_c573366 _d573366 |
||